Weird looking actresses [pic] - Statistics

General Stats
  • This quiz has been taken 55 times
  • The average score is 8 of 16
Answer Stats
Picture Answer % Correct
Helena Bonham Carter
87%
Barbra Streisand
77%
Kristen Stewart
73%
Sarah Jessica Parker
73%
Anna Kendrick
71%
Hilary Swank
71%
Tilda Swinton
69%
Sandra Oh
65%
Rosie O'Donnell
56%
Daryl Hannah
42%
Maria Shriver
37%
Linda Hunt
19%
Lily Cole
12%
Jamie Chung
8%
Angela Raiola
4%
Hannah Murray
2%
No matching quizzes found
Score Distribution
Percent of People with Each Score
Percentile by Number Answered
Your Score History
You have not taken this quiz